00447 2200169 4500001002100000005001500021035002000036245009000056100001800146250000600164300002000170260003400190082001000224084001600234600001400250990001300264INLIS00000000000185120250509072420 a0010-05250001431 aCara Mencapai sukses dalam Memperluas Pengaruh dan Pandai Bicara /cDr. Dale Carnegie1 aDale Carnegie a1 a291 hlm ;c20.5 aJakarta :bPionir Jaya,c2007 a153.4 a153.4 DAL c 4aNon Fiksi a07.12324